000 00438 a2200169 4500
001 186632
020 _a85-85466-99-5
040 _cMagnum
100 _aAlves, Rubens
240 1 0 _aA menina, a gaiola e a bicicleta / céu de passarinho
_lpor
245 1 0 _aA menina, a gaiola e a bicicleta / céu de passarinho
300 _a28
362 0 _a1997
440 1 _aCompanhia das Letrinhas
697 _aLITERATURA INFANTO
942 _cBK
999 _c186632
_d186632